Robbins and Cotran pathologic basis of disease. (Record no. 16960)

MARC details
000 -LEADER
fixed length control field 00584cam a22002172 4500
001 - CONTROL NUMBER
control field 0000019728
003 - CONTROL NUMBER IDENTIFIER
control field OSt
005 - DATE AND TIME OF LATEST TRANSACTION
control field 20180711143841.0
008 - FIXED-LENGTH DATA ELEMENTS--GENERAL INFORMATION
fixed length control field 110124s xx 000 0 eng d
020 ## - INTERNATIONAL STANDARD BOOK NUMBER
International Standard Book Number 0808924500
040 ## - CATALOGING SOURCE
Original cataloging agency KABU
Transcribing agency KABU
245 10 - TITLE STATEMENT
Title Robbins and Cotran pathologic basis of disease.
250 ## - EDITION STATEMENT
Edition statement 9th ed. /
Remainder of edition statement Vinay Kumar ... [et al].
260 ## - PUBLICATION, DISTRIBUTION, ETC. (IMPRINT)
Place of publication, distribution, etc. New Delhi :
Name of publisher, distributor, etc. Elsevier,
Date of publication, distribution, etc. 2010.
300 ## - PHYSICAL DESCRIPTION
Extent ix, 1391 p.
650 #0 - SUBJECT ADDED ENTRY--TOPICAL TERM
Topical term or geographic name as entry element Pathology.
700 1# - ADDED ENTRY--PERSONAL NAME
Personal name Kumar, Vinay.
908 ## - PUT COMMAND PARAMETER (RLIN)
Put command parameter 110124
942 ## - ADDED ENTRY ELEMENTS (KOHA)
Source of classification or shelving scheme Library of Congress Classification
Koha item type General Collection
Holdings
Withdrawn status Lost status Source of classification or shelving scheme Not for loan Home library Current library Date acquired Cost, normal purchase price Total Checkouts Total Renewals Barcode Date last seen Date last checked out Copy number Price effective from Koha item type
    Library of Congress Classification   Kabarak, Main Campus Kabarak, Main Campus 11/07/2018 13025.00 13 1 024484 13/10/2022 11/10/2022 RB111 .P38 2015 c.1 11/07/2018 General Collection
Designed with assistance from East African Informatics Ltd